| 000 | 00477nam a2200181Ia 4500 | ||
|---|---|---|---|
| 001 | 19672 | ||
| 005 | 20260306172710.0 | ||
| 008 | 260306t2011||||xx |||||||||||||| ||spa|| | ||
| 041 | _aESP | ||
| 082 |
_a341 _bB45 |
||
| 100 |
_aBernal Pulido, Carlos, _eAUT |
||
| 245 | 0 |
_aLa doble dimensión del derecho: _bautoridad y razón en la obra de Robert Alexy |
|
| 260 | _c2011 | ||
| 300 |
_a285 páginas : _c21 cm. |
||
| 650 | _aGEN | ||
| 654 | _aCDE | ||
| 942 |
_cLIB _dJUS _fJUS _2ddc _n |
||
| 999 |
_c19672 _d19672 |
||